Gabriela Zápoľská, Žubrienka /

Hlavní autor: Kraus, Zdeněk, 1938-
Další autoři: Zapolska, Gabriela, 1857-1921
Jazyk: Slovenština
Vydáno: Bratislava : Osvetový ústav, 1961
Fyzický popis: 30 s. ; 4°
Knihy
Uloženo v:
LEADER 00773nam a22002292a 4500
001 001739828
003 CZ BrMZK
005 20200401150644.0
007 ta
008 200331s1961 xo er|||||||||||slo d
040 |a ABA001  |b cze  |c ABA001  |d ABA001  |d BOA001 
041 1 |a slo  |h cze 
100 1 |a Kraus, Zdeněk,  |d 1938-  |7 jx20050104015  |4 aut 
245 1 0 |a Gabriela Zápoľská, Žubrienka /  |c režijno-dramaturgický rozbor spracoval Zdeněk Kraus 
260 |a Bratislava :  |b Osvetový ústav,  |c 1961 
300 |a 30 s. ;  |c 4° 
700 1 |a Zapolska, Gabriela,  |d 1857-1921  |7 jn20000710652  |4 bnd 
740 0 2 |a Žubrienka 
910 |a BOA001  |b X2-0461.710 
990 |a BK 
991 |b 202003 
996 7 |b 2618858273  |c X2-0461.710  |l MZK  |r Sklad / do 24 hodin  |n 0  |w 001791745  |u 000010  |a 1  |e BOA001  |j MZK50  |s A